Study guide and reading for General psychology

Bibliographic Details
Main Author: Edwards, David C. (Author)
Format: Book
Published: New York : Macmillan Publishing ;London : Collier Macmillan , 1972
Edition:2nd ed
Subjects:

MARC

LEADER 00000cam a2200000 7i4500
001 0000005420
005 20161127093000.0
008 021118s1972
090 0 0 |a BF121   |b .E3 
100 0 |a Edwards, David C. ,   |e author 
245 1 0 |a Study guide and reading for General psychology   |c David C. Edwards 
250 |a 2nd ed 
260 2 |a New York :   |b Macmillan Publishing ;London :   |b Collier Macmillan ,   |c 1972 
300 |a x, 223 p. ;   |c 24 cm. 
650 0 |a Psychology   |x Problems, exercises, etc. 
700 0 |a Edwards, David C. ,   |e author 
999 |a 1000000448   |b Book   |c OPEN SHELF (30 DAYS)   |e Gong Badak Campus